000
00255nam a22001217a 4500
020
_a
1-8464-6124-3
082
_a
823
_b
LAD/T
100
_a
LADY BIRD
245
_a
TWO MICE IN A BOAT
260
_a
ITALY
650
_a
ENGLISH SHORT STORY
_z
ITALY
942
_c
BK
999
_c
1991
_d
1991